World's Top 15 Financial Centres - Statistics

General Stats
  • This quiz has been taken 508 times
  • The average score is 14 of 15
Answer Stats
Economy City % Correct
2# UK London
99%
1# USA New York
99%
5# Japan Tokyo
99%
6# Korea Seoul
98%
3# Hong Kong Hong Kong
97%
4# Singapore Singapore
97%
8# Canada Toronto
96%
15# Australia Sydney
94%
11# USA Chicago
93%
7# Switzerland Zurich
91%
14# Germany Frankfurt
86%
13# Switzerland Geneva
84%
12# USA Boston
83%
9# USA San Francisco
81%
10# USA Washington
75%
No matching quizzes found
Score Distribution
Percent of People with Each Score
Percentile by Number Answered
Your Score History
You have not taken this quiz